| 000 | 00737nam a2200169 a 4500 | ||
|---|---|---|---|
| 008 | 120416s1996 ||||||||||||||||| || u | ||
| 020 | _a0750621559 | ||
| 050 | _aGV 188.3 Lei | ||
| 100 | _aTrigg, Peter | ||
| 245 | 1 | 0 |
_aLeisure and tourism GNVQ: advanced textbook _cedited by Peter Trigg |
| 260 |
_aOxford _bButterworth-Heinemann _c1996 |
||
| 350 | _a0.00 | ||
| 650 | _aLEISURE | ||
| 650 | _aLEISURE AND TOURISM | ||
| 995 |
_aMAIN LIBRARY OPEN ACCESS _D0.00 _e730842 _FCBU-MAIN LIBRARY (Kitwe) _H1 _I22.95 _jGV 188.3 Lei _M1 _UAVAILABLE _y028000 _ZMain Library Open Access Collection |
||
| 995 |
_aMAIN LIBRARY OPEN ACCESS _D0.00 _e731025 _FCBU-MAIN LIBRARY (Kitwe) _H2 _I22.95 _jGV 188.3 Lei _M2 _UAVAILABLE _y028245 _ZMain Library Open Access Collection |
||
| 999 |
_c82172 _d82172 |
||